Vysšeje obrazovanije kak faktor povyšenija konkurentosposobnosti strany

Dôležitosť efektívneho financovania vysokých škôl a univerzít. Pozícia slovenských a ukrajinských vysokých škôl v hodnotení Times higher education world university rankings. Účasť slovenských vedcov a výskumníkov v projektoch OECD. Investície Európskej únie do vedecko-výskumnej činnosti.

Gespeichert in:
Bibliographische Detailangaben
1. Verfasser: Nestorenko, Taťjana
Weitere Verfasser: Vongrej, Marián
Format: Buchkapitel
Sprache:Russisch
Schlagworte:
Tags: Tag hinzufügen
Keine Tags, Fügen Sie das erste Tag hinzu!

MARC

LEADER 00000naa$a2200000$$$4500
001 0211831
005 20240502083530.6
041 0 |a rus 
044 |a RU 
245 1 0 |a Vysšeje obrazovanije kak faktor povyšenija konkurentosposobnosti strany  |c Taťjana Nestorenko, Marián Vongrej 
520 |a Dôležitosť efektívneho financovania vysokých škôl a univerzít. Pozícia slovenských a ukrajinských vysokých škôl v hodnotení Times higher education world university rankings. Účasť slovenských vedcov a výskumníkov v projektoch OECD. Investície Európskej únie do vedecko-výskumnej činnosti. 
610 2 0 |a vzdelávanie vysokoškolské 
610 2 0 |a školy vysoké 
610 2 0 |a univerzity 
610 2 0 |a veda 
610 2 0 |a výskum 
610 2 0 |a financovanie 
610 2 0 |a investície 
610 2 0 |a konkurencieschopnosť 
610 2 0 |a Slovensko 
610 2 0 |a Ukrajina 
610 2 0 |a Európska únia 
100 1 |a Nestorenko, Taťjana 
700 1 |a Vongrej, Marián